000 00782nam a2200253Ia 4500
008 220204s9999 xx 000 0 und d
082 _aNR:063IR`1995'
_bIRR
245 0 _aIRRDB symposium on physiological and molecular aspects of the breeding of Hevea brasiliensis 6-7 November 1995
260 _aEngland
_bIRRDB
_c1995
650 _aClone identification
650 _aElectrophoresis
650 _aEthrel
650 _aHevea breeding
650 _aHevea crop improvement
650 _aHevea genetic transformation
650 _aHevea genome mapping
650 _aHevea germplasm conservation
650 _aIsozymes
650 _aLatex physiology
650 _aMolecular markers
650 _aTapping stimulation
650 _aVietnam rubber clones
942 _cBK
999 _c43796
_d43796